Recueil de chants tamouls / (Record no. 37616)

MARC details
000 -LEADER
fixed length control field 00930cam a22002294a 4500
001 - CONTROL NUMBER
control field ltf91052755
003 - CONTROL NUMBER IDENTIFIER
control field DLC
005 - DATE AND TIME OF LATEST TRANSACTION
control field 20260227111553.0
008 - FIXED-LENGTH DATA ELEMENTS--GENERAL INFORMATION
fixed length control field 910517s1869 ii 000 0 tam
010 ## - LIBRARY OF CONGRESS CONTROL NUMBER
LC control number ltf91052755
040 ## - CATALOGING SOURCE
Original cataloging agency DLC
Transcribing agency DLC
Modifying agency DLC
041 0# - LANGUAGE CODE
Language code of text/sound track or separate title tam
-- fren
050 00 - LIBRARY OF CONGRESS CALL NUMBER
Classification number PL4758.9.C349
Item number R33 1869
100 0# - MAIN ENTRY--PERSONAL NAME
Personal name Cavarāyalu Nāyakar,
Dates associated with a name 1829-1911.
245 10 - TITLE STATEMENT
Title Recueil de chants tamouls /
Statement of responsibility, etc. par Z. Savarayalounaiker ; précédé de divers extraits, certificats, notes, etc. en français, et de morceaux de poésie ou vers tamouls composés par divers poetes, le tout concernant Z. Savarayalounaiker par Solé Appassamymoudeliar.
246 15 - VARYING FORM OF TITLE
Title proper/short title Pāṭar̲r̲iraṭṭu
260 ## - PUBLICATION, DISTRIBUTION, ETC.
Place of publication, distribution, etc. Pondichery :
Name of publisher, distributor, etc. A. Saligny, Impr.,
Date of publication, distribution, etc. 1869.
300 ## - PHYSICAL DESCRIPTION
Extent 1 v. (various pagings) ;
Dimensions 24 cm.
650 #0 - SUBJECT ADDED ENTRY--TOPICAL TERM
Topical term or geographic name entry element Tamil poetry
Chronological subdivision 19th century.
600 00 - SUBJECT ADDED ENTRY--PERSONAL NAME
Personal name Cavarāyalu Nāyakar,
Dates associated with a name 1829-1911
Form subdivision Poetry.
700 1# - ADDED ENTRY--PERSONAL NAME
Personal name Appācāmi Mutaliyār, Cōlai.

No items available.

Powered by Koha